Agroclimatological methods = Méthodes agroclimatologiques (Record no. 83149)

MARC details
000 -LEADER
fixed length control field 01072nam a22002297a 4500
005 - DATE AND TIME OF LATEST TRANSACTION
control field 20221208111358.0
008 - FIXED-LENGTH DATA ELEMENTS--GENERAL INFORMATION
fixed length control field 221208b fr ||||| |||| 00| 0 eng d
050 04 - LIBRARY OF CONGRESS CALL NUMBER
Classification number S600.2
Item number P76 1968
111 2# - MAIN ENTRY--MEETING NAME
Meeting name or jurisdiction name as entry element Proceedings of the Unesco symposium on methods in agroclimatology held at the University of reading
Date of meeting (23 to 30 July 1966 :
Location of meeting United Kingdom )
Miscellaneous information Actes du colloque de I´Unesco sur les méthodes utilisées en agroclimatologie, qui s´est tenu á I´Université de reading.
245 10 - TITLE STATEMENT
Title Agroclimatological methods = Méthodes agroclimatologiques
246 31 - VARYING FORM OF TITLE
Title proper/short title Méthodes agroclimatologiques
250 ## - EDITION STATEMENT
Edition statement 1a ed.
260 ## - PUBLICATION, DISTRIBUTION, ETC. (IMPRINT)
Place of publication, distribution, etc Paris, Francia :
Name of publisher, distributor, etc United Nations Educational Scientific and Cultural Organization,
Date of publication, distribution, etc 1968.
300 ## - PHYSICAL DESCRIPTION
Extent 392 p. :
Other physical details il. ;
Dimensions 27 cm.
490 0# - SERIES STATEMENT
Series statement Natural resources research ;
Volume number/sequential designation 7.
490 0# - SERIES STATEMENT
Series statement Reserches sur les ressources naturelles ;
Volume number/sequential designation 7.
500 ## - GENERAL NOTE
General note Traducción de : Ecomomic Theory in Retrospect
506 ## - RESTRICTIONS ON ACCESS NOTE
Terms governing access PiFi 3.2
650 #7 - SUBJECT ADDED ENTRY--TOPICAL TERM
Source of heading or term lemb
Topical term or geographic name as entry element Climatología agrícola
Form subdivision Congresos
650 #4 - SUBJECT ADDED ENTRY--TOPICAL TERM
Topical term or geographic name as entry element Cultivos y clima
Form subdivision Congresos
942 ## - ADDED ENTRY ELEMENTS (KOHA)
Source of classification or shelving scheme Biblioteca del Cogreso de los Estados Unidos
Koha item type Libro
Holdings
Estado de pérdida Fuente de clasificación Estado del daño No para préstamo Ubicación permanente Ubicación actual Apartado o colección Fecha de adquisición Edición Dependencia de educación superior (DES) Área del conocimiento Total Checkouts Clasificación Código de Barras Date last seen Número de copia Costo por reposición Tipo de recurso
  Biblioteca del Cogreso de los Estados Unidos   Consulta Biblioteca de la Facultad de Ingeniería en Tecnología de la Madera Biblioteca de la Facultad de Ingeniería en Tecnología de la Madera General 08/12/2022 1a ed. Ingeniería y Arquitectura Ciencias Agropecuarias   S600.2 P76 1968 BTM000001657 08/12/2022 1 1.00 Libro